• 首页
  • 本馆介绍
  • 公告通知
  • 最新文献
  • 馆藏检索
  • 电子资源
  • 读者导购
  • 参考咨询
  • 我的图书馆
  • 登录
  • 详细信息显示
  • 放入我的书架
  • 预约/预借图书
  • 作者相关作品
  • 分类相关作品
  • 丛书相关作品
  • 出版社相关作品

书目信息

  • 表格格式
  • 工作单格式
  • 卡片格式
题名:
单车圣经
    
 
作者: 《单车圣经》编委会著
分册:  
出版信息: 北京   机械工业出版社  2013
页数: 327页
开本: 23cm
丛书名:
单 册:
中图分类: U484 , G872.3 , G872.3
科图分类:
主题词: 自行车--基本知识 , 自行车运动--基本知识 , 体育运动
电子资源:
ISBN: 978-7-111-41760-6
000 01076nam0 2200301 450
001 1573726418
005 20150706202945.54
010    @a978-7-111-41760-6@dCNY79.80
090    @aU484@bdcs
096    @aG872@bdcs
100    @a20130607d2013 em y0chiy50 ea
101 0  @achi
102    @aCN@b110000
105    @aa z 000yy
106    @ar
200 1  @a单车圣经@b专著@dBible of biking@e自行车选购、调校、维护、保养、骑行全攻略@f《单车圣经》编委会著@zeng@Adan che sheng jing
210    @a北京@c机械工业出版社@d2013
215    @a327页@c图@d23cm
330    @a本书全面介绍了自行车整车、配件及装备产品导购,调校维护保养,骑行技术,体能训练与健康,骑行安全等知识和技能等内容,主要分为“走进自行车世界”、“运动自行车全解析”以及“骑行装备、安全与技巧”3大部分共13章。
510 1  @aBible of biking@zeng
606 0  @a自行车@x基本知识
606 0  @a自行车运动@x基本知识
606 0  @a体育运动
690    @aU484@v5
690    @aG872.3@v5
690    @aG872.3@v4
801  0 @aCN@b大连网信软件有限公司图书馆·11@c20150706
905    @aZUCC@dG872.3@et3
    
    单车圣经=Bible of biking:自行车选购、调校、维护、保养、骑行全攻略/《单车圣经》编委会著.-北京:机械工业出版社,2013
    327页:图;23cm
    
    
    ISBN 978-7-111-41760-6:CNY79.80
    本书全面介绍了自行车整车、配件及装备产品导购,调校维护保养,骑行技术,体能训练与健康,骑行安全等知识和技能等内容,主要分为“走进自行车世界”、“运动自行车全解析”以及“骑行装备、安全与技巧”3大部分共13章。
●
相关链接 在E读中查询图书 在五车中查询图书 在当当中查询图书 在豆瓣中查询图书


正题名:单车圣经     索取号:G872.3/t3         预约/预借

序号 登录号 条形码 馆藏地/架位号 状态 备注
1 6940065   269400659   密集书库-体育系/ [索取号:G872.3/t3] 在馆    
2 6940066   269400668   密集书库-体育系/ [索取号:G872.3/t3] 在馆    
唐山师范学院图书馆 欢迎您!
大连网信软件有限公司© 版权所有